000 00513nam a22001697a 4500
005 20251108172804.0
008 250721s2000 xx 000 0 ara d
082 1 4 _a811.4/مبا
100 1 _aالمبارك، أبو عبد الرحمن عبد الله
245 1 0 _aديوان عبد الله بن المبارك /
264 1 _aدمشق :
_bدار قتيبة،
_c2000.
300 _a236 ص
650 1 7 _aالشعر العربي
650 1 7 _aالعصر الاموي
942 _2ddc
_cBK
999 _c88535
_d88535